[Event "Tourn. n8219"]
[Site "www.chess-mail.com"]
[Date "2015.07.20"]
[Round "1"]
[White "Obisporey"]
[Black "Cathar"]
[WhiteElo "2580"]
[BlackElo "2300"]
[Result "1-0"]
[Round "1"]
1.e4 c5
2.Ng1f3 e6
3.d4 cxd4
4.Nf3xd4 Ng8f6
5.Nb1c3 d6
6.g4 h6
7.Bf1g2 Nb8c6
8.h3 Bc8d7
9.f4 Qd8b6
10.Nd4b3 a5
11.Qd1e2 a4
12.Bc1e3 Qb6d8
13.Nb3d2 a3
14.Ra1b1 Bf8e7
15.Nd2c4 d5
16.exd5 Nf6xd5
17.Nc3xd5 exd5
18.Be3b6 Qd8b8
19.Bg2xd5 O-O
20.O-O Rf8e8
21.Qe2d3 Qb8c8
22.c3 Ra8a6
23.f5 Ra6xb6
24.Bd5xf7 Kh8
25.Nc4xb6 Be7c5
26.Kg2 Bc5xb6
27.Bf7xe8 Bd7xe8
28.Qd3d6 Be8f7
29.f6 Bb6c7
30.fxg7 { resign }
1-0

[Event "Tourn. n8219"]
[Site "www.chess-mail.com"]
[Date "2015.07.20"]
[Round "1"]
[White "Cathar"]
[Black "Ciappo"]
[WhiteElo "2300"]
[BlackElo "2510"]
[Result "1-0"]
[Round "1"]
1.e4 e6
2.d3 d5
3.Nb1d2 c5
4.Ng1f3 Nb8c6
5.g3 Ng8f6
6.Bf1g2 Bf8e7
7.O-O O-O
8.e5 Nf6d7
9.Rf1e1 b5
10.Nd2f1 a5
11.h4 b4
12.Bc1f4 Bc8a6
13.Nf1h2 a4
14.a3 Ba6b5
15.h5 Ra8c8
16.h6 g6
17.Qd1d2 bxa3
18.bxa3 Rf8e8
19.Nh2g4 Nc6d4
20.Ng4h2 Nd4xf3
21.Nh2xf3 Bb5c6
22.Bf4g5 Rc8b8
23.Qd2f4 Rb8b2
24.Re1e2 Be7xg5
25.Nf3xg5 Qd8e7
26.Ra1e1 Re8b8
27.c4 Rb2xe2
28.Re1xe2 Rb8b1
29.Kh2 Qe7f8
30.Bg2h3 dxc4
31.dxc4 { time. }
1-0

[Event "Tourn. n8219"]
[Site "www.chess-mail.com"]
[Date "2015.07.20"]
[Round "1"]
[White "Gorgo"]
[Black "Obisporey"]
[WhiteElo "2430"]
[BlackElo "2580"]
[Result "0-1"]
[Round "1"]
1.d4 Ng8f6
2.c4 g6
3.Nb1c3 Bf8g7
4.e4 d6
5.Ng1f3 O-O
6.Bf1e2 e5
7.O-O Nb8c6
8.d5 Nc6e7
9.Bc1e3 Nf6g4
10.Be3d2 f5
11.Nf3g5 Ng4f6
12.Be2f3 fxe4
13.Nc3xe4 Ne7f5
14.Ne4xf6 Qd8xf6
15.Ng5e4 Qf6f7
16.Bf3g4 b5
17.b3 Nf5d4
18.Bg4xc8 Ra8xc8
19.Bd2e3 Qf7f5
20.f3 Qf5d7
21.Qd1d3 c6
22.Kh1 bxc4
23.bxc4 cxd5
24.cxd5 Rc8b8
 { time }
0-1

[Event "Tourn. n8219"]
[Site "www.chess-mail.com"]
[Date "2015.07.20"]
[Round "1"]
[White "Ciappo"]
[Black "Gorgo"]
[WhiteElo "2510"]
[BlackElo "2430"]
[Result "1-0"]
[Round "1"]
1.d4 Ng8f6
2.c4 e6
3.Nb1c3 Bf8b4
4.Ng1f3 b6
5.e3 Bc8b7
6.Bf1d3 Bb4xc3
7.bxc3 O-O
8.O-O d6
9.Qd1c2 Bb7xf3
10.gxf3 c5
11.Rf1d1 Nb8c6
12.Qc2e2 Qd8c8
13.Bc1b2 e5
14.Kh1  { time }
1-0

[Event "Tourn. n8064"]
[Site "www.chess-mail.com"]
[Date "2015.07.20"]
[Round "1"]
[White "Faerieking"]
[Black "Emmanuelasi"]
[WhiteElo "2240"]
[BlackElo "2240"]
[Result "1-0"]
[Round "1"]
1.e4 Nb8c6
2.Ng1f3 e5
3.d4 exd4
4.Nf3xd4 Bf8c5
5.Bc1e3 Qd8f6
6.c3 Ng8e7
7.Bf1b5 O-O
8.O-O Bc5b6
9.f4 d6
10.Nb1a3 a6
11.Bb5e2 Bb6a7
12.Na3c2 b5
13.Ra1c1 Bc8b7
14.Be2f3 Nc6xd4
15.cxd4 Qf6e6
16.Qd1d3 Qe6d7
17.f5 f6
18.Kh1 Ra8e8
19.g4 Kh8
20.b4 Ne7c8
21.Be3g1 Ba7b6
22.a3 Nc8a7
23.Nc2e3 Re8e7
24.Ne3g2 Rf8e8
25.d5 Na7c8
26.Ng2f4 Bb6xg1
27.Rf1xg1 Nc8b6
28.Nf4e6 Nb6c4
29.Qd3d4 Re8a8
30.Bf3e2 c6
31.Be2xc4 bxc4
32.Rc1xc4 cxd5
33.Rc4c7 Qd7e8
34.Rc7xe7 Qe8xe7
35.exd5 Ra8c8
36.h4 g6
37.Kh2 gxf5
38.g5 Rc8g8
39.gxf6 Qe7f7
40.Ne6g5 Qf7xd5
41.Qd4c3 Rg8f8
{ time. }
1-0

[Event "Tourn. n8240"]
[Site "www.chess-mail.com"]
[Date "2015.07.20"]
[Round "1"]
[White "Culiflori"]
[Black "Iko"]
[WhiteElo "999"]
[BlackElo "1480"]
[Result "1-0"]
[Round "1"]
1.e4 e5
2.Ng1f3 d6
3.d4 Bc8g4
4.dxe5 Bg4xf3
5.Qd1xf3 dxe5
6.Bf1c4 f6
7.Qf3b3 Nb8c6
8.Bc4xg8 Nc6d4
9.Qb3a4 b5
10.Qa4a6 Nd4xc2
11.Ke2 Qd8d7
12.Bg8d5 Qd7c8
13.Qa6c6 Kd8
14.Qc6xc2 Ra8b8
15.Bc1e3 Qc8g4
16.Kf1 a5
17.Be3a7 Rb8c8
18.Bd5b7 Bf8d6
19.Bb7xc8 Kxc8
20.Nb1c3 b4
21.Nc3d5 h5
22.Qc2c6 Qg4e6
23.Qc6a8 Kd7
24.Qa8xh8 c6
25.Qh8xg7 Kc8
26.Ra1c1 c5
27.Nd5b6 Kd8
28.Rc1d1 Ke8
29.f3 Qe6xa2
30.Qg7d7 Kf8
31.Qd7xd6 Kg7
32.Nb6d7 Qa2xb2
33.Qd6xf6 Kh7
34.Qf6xe5 Qb2c2
35.Nd7f6 Kg6
36.Qe5g5 Kxg5
37.Nf6h7 Kf4
38.Rd1e1 b3
39.Ba7b8 
1-0

[Event "Tourn. n8244"]
[Site "www.chess-mail.com"]
[Date "2015.07.20"]
[Round "1"]
[White "Terrible"]
[Black "Pgcbies"]
[WhiteElo "2300"]
[BlackElo "2680"]
[Result "0-1"]
[Round "1"]
1.d4 Ng8f6
2.Ng1f3 d5
3.c4 e6
4.Nb1c3 c6
5.e3 Nb8d7
6.Bf1d3 dxc4
7.Bd3xc4 b5
8.Bc4d3 a6
9.O-O c5
10.Nc3e4 c4
11.Bd3c2 Bc8b7
12.Nf3d2 Qd8c7
13.Qd1e2 Ra8c8
14.Ne4xf6 Nd7xf6
15.b3 c3
16.Nd2f3 Nf6e4
17.Rf1d1 Bf8d6
18.h3 O-O
19.Ra1b1 Rc8d8
20.Bc2d3 Qc7c6
21.Bd3xe4 Qc6xe4
22.Qe2d3 c2
{ resign }
0-1

[Event "Tourn. n8225"]
[Site "www.chess-mail.com"]
[Date "2015.07.20"]
[Round "1"]
[White "Numanoid"]
[Black "Sonivano"]
[WhiteElo "2590"]
[BlackElo "2320"]
[Result "1/2-1/2"]
[Round "1"]
1.e4 e5
2.Ng1f3 Nb8c6
3.d4 exd4
4.Nf3xd4 Bf8c5
5.Nd4b3 Bc5b6
6.Nb1c3 Ng8f6
7.Qd1e2 d6
8.Bc1e3 Nf6g4
9.Be3xb6 axb6
10.h3 Ng4e5
11.O-O-O O-O
12.Kb1 Bc8e6
13.f4 Be6xb3
14.axb3 Ne5d7
15.Qe2f3 { draw }
1/2-1/2

[Event "Tourn. n8232"]
[Site "www.chess-mail.com"]
[Date "2015.07.20"]
[Round "1"]
[White "Chiccogianca"]
[Black "Julianlore"]
[WhiteElo "2010"]
[BlackElo "2160"]
[Result "0-1"]
[Round "1"]
1.b3 e5
2.Bc1b2 Nb8c6
3.g3 d5
4.Bf1g2 Ng8f6
5.e3 Bc8g4
6.Ng1e2 Qd8d7
7.d3 Bf8c5
8.Nb1d2 O-O
9.a3 d4
10.e4 Bg4h3
11.O-O Rf8e8
12.b4 Bc5f8
13.Kh1 b5
14.Ne2g1 Bh3xg2
15.Kxg2 a5
16.bxa5 Nc6xa5
17.h3 c5
18.Nd2b3 Na5xb3
19.cxb3 c4
20.bxc4 bxc4
21.dxc4 Nf6xe4
22.Qd1d3 Ne4c5
23.Qd3c2 d3
24.Qc2d1 Qd7b7
25.Kh2 Qb7xb2
26.Ng1f3 e4
27.Nf3d2 e3
28.fxe3 Nc5e4
{ resign }
0-1

[Event "Tourn. n8262"]
[Site "www.chess-mail.com"]
[Date "2015.07.20"]
[Round "1"]
[White "Tartan"]
[Black "Sharpman"]
[WhiteElo "2460"]
[BlackElo "2290"]
[Result "1/2-1/2"]
[Round "1"]
1.d4 d5
2.Ng1f3 Nb8c6
3.Bc1f4 Bc8g4
4.e3 e6
5.c4 Bf8b4
6.Nb1c3 Ng8e7
7.Ra1c1 O-O
8.a3 Bb4xc3
9.Rc1xc3 Ne7g6
10.cxd5 exd5
11.Bf4g3 f5
12.Bf1b5 Bg4xf3
13.Qd1xf3 Nc6xd4
14.exd4 f4
15.O-O c6
16.Bb5e2 fxg3
17.Qf3xg3 Qd8f6
18.Rf1d1 Ng6f4
19.Rc3e3 Ra8e8
{ draw }
1/2-1/2

[Event "Tourn. n8112"]
[Site "www.chess-mail.com"]
[Date "2015.07.20"]
[Round "1"]
[White "Louis"]
[Black "Johnmcbride"]
[WhiteElo "1830"]
[BlackElo "1810"]
[Result "1-0"]
[Round "1"]
1.e4 e5
2.f4 exf4
3.Ng1f3 g5
4.h4 g4
5.Nf3e5 d6
6.Ne5xg4 Bc8xg4
7.Qd1xg4 Bf8h6
8.Nb1c3 Ng8f6
9.Qg4f5 Nb8d7
10.Bf1c4 Qd8e7
11.d3 O-O-O
12.Bc1xf4 Bh6xf4
13.Qf5xf4 Rh8g8
14.Rh1g1 Nf6h5
15.Qf4xf7 Qe7xh4
16.Qf7f2 Qh4xf2
17.Kxf2 Rg8f8
18.Ke2 Nd7e5
19.Bc4e6 Kb8
20.Kd2 Nh5g3
21.Nc3e2 Ng3xe2
22.Kxe2 Rf8f6
23.Be6f5 Rf6h6
24.Rg1h1 Rh6xh1
25.Ra1xh1 a6
26.Rh1xh7 Rd8g8
27.Rh7h2 Ne5g4
28.Bf5xg4 Rg8xg4
29.Kf3 Rg4g7
30.Rh2h8 Ka7
31.Rh8h1 Rg7f7
32.Ke2 Rf7e7
33.g4 d5
34.Kf3 Re7f7
35.Kg2 dxe4
36.Rh1f1 Rf7e7
37.Rf1e1 e3
38.Kf3 c5
39.Re1xe3 Re7f7
40.Kg2 Rf7g7
41.Re3g3 b5
42.g5 Rg7g6
43.Kf3 Kb7
44.c3 Kc7
45.d4 cxd4
46.cxd4 Kd6
47.Ke3 Kd5
48.b3 Rg6e6
49.Kf4 Kxd4
50.g6 Re6f6
51.Kg5 Rf6f8
52.g7 Rf8g8
53.Kh6 Kc5
54.Kh7 Rg8xg7
55.Kxg7 Kb4
56.Rg3g6 Ka3
57.Rg6xa6 Kb2
58.Kf6 b4
59.Ra6a4 Kc3
60.Ke5 Kb2
61.Kd4 Kc2
62.Ra4xb4 Kb2
63.Rb4a4 Kc2
64.b4 { resign }
1-0

[Event "Tourn. n8299"]
[Site "www.chess-mail.com"]
[Date "2015.07.20"]
[Round "1"]
[White "Xkafi"]
[Black "Amaya"]
[WhiteElo "1960"]
[BlackElo "1920"]
[Result "1-0"]
[Round "1"]
1.e4 e6
2.d4 d5
3.exd5 exd5
4.Ng1f3 Ng8f6
5.Bc1g5 Bf8e7
6.h3 O-O
7.Bf1d3 Rf8e8
8.O-O c6
9.Nf3e5 Nb8d7
10.Qd1f3 Nd7xe5
11.dxe5 Nf6d7
12.Bg5f4 Be7g5
13.Qf3h5 h6
14.Bf4g3 Nd7xe5
15.f4 Ne5xd3
16.fxg5 Qd8b6
17.Kh2 Qb6xb2
18.Nb1d2 Qb2xc2
19.Qh5xf7 Kh8
20.Qf7xe8 Kh7
21.g6 { resign }
1-0

[Event "Tourn. n8260"]
[Site "www.chess-mail.com"]
[Date "2015.07.20"]
[Round "1"]
[White "Oliverio"]
[Black "Redabond"]
[WhiteElo "1800"]
[BlackElo "1639"]
[Result "0-1"]
[Round "1"]
1.c4 e5
2.Nb1c3 Ng8f6
3.Ng1f3 Nb8c6
4.g3 Bf8c5
5.Bf1g2 Nf6g4
6.O-O O-O
7.h3 Ng4f6
 { time }
0-1

[Event "Tourn. n8212"]
[Site "www.chess-mail.com"]
[Date "2015.07.20"]
[Round "1"]
[White "Redabond"]
[Black "Boyc"]
[WhiteElo "1499"]
[BlackElo "1499"]
[Result "0-1"]
[Round "1"]
1.e4 c5
2.Bf1c4 e6
3.Ng1f3 Nb8c6
4.O-O d6
5.Nb1c3 Ng8f6
6.d3 Bf8e7
7.Rf1e1 O-O
8.e5 dxe5
9.Nf3xe5 Nc6xe5
10.Re1xe5 a6
11.Re5e1 Qd8c7
12.Qd1f3 Be7d6
13.g3 b5
14.Bc4b3 Bc8b7
15.Qf3e2 Qc7c6
16.f3 Qc6xf3
17.Qe2xf3 Bb7xf3
18.Bc1g5 Ra8c8
19.Bg5xf6 gxf6
20.Re1f1 Bf3b7
21.Rf1xf6 c4
22.dxc4 bxc4
23.Bb3a4 Kg7
24.Rf6f1 Bd6c5
25.Rf1f2 Rf8d8
26.Kf1 Bc5xf2
27.Kxf2 Rd8d2
28.Kg1 Rc8d8
29.b3 Rd2g2
30.Kf1 Rd8d2
31.Ke1 Rd2xc2
32.Kd1 Bb7f3
{ resign }
0-1

[Event "Tourn. n8163"]
[Site "www.chess-mail.com"]
[Date "2015.07.20"]
[Round "1"]
[White "Panham"]
[Black "Cardiff"]
[WhiteElo "2020"]
[BlackElo "2040"]
[Result "1-0"]
[Round "1"]
1.d4 Ng8f6
2.c4 e6
3.Nb1c3 Bf8b4
4.e3 O-O
5.Ng1e2 b6
6.a3 Bb4xc3
7.Ne2xc3 Bc8b7
8.Qd1c2 d5
9.Bf1e2 dxc4
10.O-O a6
11.Be2xc4 Nb8d7
12.Rf1e1 c5
13.Nc3e2 b5
14.Bc4a2 Ra8c8
15.dxc5 Rc8xc5
16.Qc2d2 Rc5g5
17.Ne2g3 Bb7d5
18.e4 Bd5xa2
19.Qd2xg5 h6
20.Qg5f4 Ba2c4
21.Ng3f1 e5
22.Qf4h4 Qd8b6
23.Nf1g3 Bc4e6
24.Bc1e3 Qb6b7
25.Ra1c1 Rf8c8
26.Ng3e2 Be6c4
27.Ne2c3 Rc8e8
28.f3 Re8c8
29.Qh4g3 Kh8
30.Re1d1 Bc4b3
31.Rd1e1  { time }
1-0

[Event "Tourn. n8245"]
[Site "www.chess-mail.com"]
[Date "2015.07.20"]
[Round "1"]
[White "Redabond"]
[Black "Llcervello"]
[WhiteElo "1639"]
[BlackElo "1630"]
[Result "1-0"]
[Round "1"]
1.e4 e5
2.Ng1f3 g5
3.d3 h6
4.Nf3xe5 Qd8f6
5.Ne5f3 Nb8c6
6.Bf1e2 Bf8c5
7.O-O Bc5d4
8.c3 Bd4e5
9.d4 Be5f4
10.e5 Qf6f5
11.Qd1d3 Qf5g4
12.Bc1xf4 Qg4xf4
13.g3 Qf4g4
14.Nf3d2 Qg4h3
15.g4 Qh3xd3
16.Be2xd3 a6
17.Rf1e1 d5
18.Bd3f5 b5
19.Bf5xc8 Ra8xc8
20.e6 f6
21.Nd2f3 Nc6e7
{ time. }
1-0

[Event "Tourn. n8207"]
[Site "www.chess-mail.com"]
[Date "2015.07.20"]
[Round "1"]
[White "Kenji"]
[Black "Farnation"]
[WhiteElo "1099"]
[BlackElo "1050"]
[Result "1-0"]
[Round "1"]
1.e4 Ng8f6
2.Nb1c3 Nb8c6
3.d4 Nc6b4
4.a3 Nb4c6
5.d5 Nc6e5
6.f4 Ne5c4
7.Bf1xc4 e6
8.e5 Nf6xd5
9.Nc3xd5 exd5
10.Qd1xd5 Qd8e7
11.Bc1e3 c6
12.Qd5d2 b5
13.Bc4b3 f6
14.Ng1f3 Bc8a6
15.O-O-O fxe5
16.Rh1e1 b4
17.Be3c5 Qe7xc5
18.Qd2xd7 
1-0

[Event "Tourn. n8209"]
[Site "www.chess-mail.com"]
[Date "2015.07.20"]
[Round "1"]
[White "Chesspower"]
[Black "Anja"]
[WhiteElo "1690"]
[BlackElo "1730"]
[Result "0-1"]
[Round "1"]
1.d4 f5
2.Ng1f3 Ng8f6
3.c4 g6
4.Nb1c3 Bf8g7
5.Bc1f4 d6
6.e3 O-O
7.Bf1e2 Nb8c6
8.O-O Nf6e4
9.Nc3xe4 fxe4
10.Nf3d2 Nc6xd4
11.Nd2xe4 Nd4xe2
12.Qd1xe2 Bc8f5
 { time }
0-1

[Event "Tourn. n8209"]
[Site "www.chess-mail.com"]
[Date "2015.07.20"]
[Round "1"]
[White "Chesspower"]
[Black "Attatroll"]
[WhiteElo "1690"]
[BlackElo "1860"]
[Result "0-1"]
[Round "1"]
1.c4 f5
2.Ng1f3 Ng8f6
3.d4 g6
4.Nb1c3 c6
5.Bc1g5 Bf8g7
6.Bg5xf6 Bg7xf6
7.e3 O-O
8.Bf1e2 d6
9.O-O Nb8d7
10.Qd1c2 e5
11.dxe5 Nd7xe5
12.Nf3xe5 dxe5
13.Rf1d1 Qd8e7
14.Ra1c1 Bc8e6
15.b3 Rf8d8
16.Rd1xd8 Ra8xd8
17.Rc1d1 e4
 { time }
0-1

[Event "Tourn. n8209"]
[Site "www.chess-mail.com"]
[Date "2015.07.20"]
[Round "1"]
[White "Oliverio"]
[Black "Chesspower"]
[WhiteElo "1720"]
[BlackElo "1690"]
[Result "1-0"]
[Round "1"]
1.c4 Ng8f6
2.Nb1c3 e5
3.g3 d5
4.cxd5 Nf6xd5
5.Bf1g2 Nd5b6
6.d3 Nb8c6
7.Ng1f3 Bf8b4
8.O-O O-O
9.Bc1d2 Rf8e8
10.a3 Bb4xc3
11.Bd2xc3 f6
12.Ra1c1  { time }
1-0

[Event "Tourn. n8205"]
[Site "www.chess-mail.com"]
[Date "2015.07.20"]
[Round "1"]
[White "Krystek23"]
[Black "Cathar"]
[WhiteElo "2370"]
[BlackElo "2340"]
[Result "1-0"]
[Round "1"]
1.Ng1f3 f5
2.g3 Ng8f6
3.Bf1g2 g6
4.d4 Bf8g7
5.c4 O-O
6.Nb1c3 d6
7.O-O c6
8.d5 e5
9.e4 cxd5
10.exd5 Nb8a6
11.Bc1g5 h6
12.Bg5xf6 Qd8xf6
13.Nf3d2 Na6c5
14.Nd2b3 b6
15.Qd1c2 e4
16.Ra1e1 Nc5d3
17.Re1e3 Bc8a6
18.Bg2xe4 Nd3b4
19.Qc2e2 fxe4
20.a3 Nb4d3
21.Nc3xe4 Qf6xb2
22.Qe2xd3 Qb2xa3
23.Rf1e1 Ra8c8
24.Ne4d2 Qa3b4
25.Qd3xg6 Ba6xc4
26.Re3e7 Qb4c3
27.Nd2xc4 Rc8xc4
28.Re1c1 Qc3b2
29.Qg6xg7 Qb2xg7
30.Re7xg7 { resign }
1-0

[Event "Tourn. n8224"]
[Site "www.chess-mail.com"]
[Date "2015.07.20"]
[Round "1"]
[White "Groz"]
[Black "Comrade"]
[WhiteElo "2020"]
[BlackElo "2090"]
[Result "0-1"]
[Round "1"]
1.d4 d5
2.c4 dxc4
3.Nb1c3 e5
4.dxe5 Qd8xd1
5.Nc3xd1 Nb8c6
6.Ng1f3 Bc8g4
7.Nd1e3 { time. }
0-1

[Event "Tourn. n8186"]
[Site "www.chess-mail.com"]
[Date "2015.07.20"]
[Round "1"]
[White "Chtoubidou"]
[Black "Bojan"]
[WhiteElo "1920"]
[BlackElo "1980"]
[Result "1-0"]
[Round "1"]
1.e4 e5
2.Bf1c4 Ng8f6
3.d3 Nb8c6
4.Nb1c3 Nc6a5
5.Bc4b3 c6
6.Ng1e2 Na5xb3
7.axb3 Bf8c5
8.O-O d6
9.Nc3a4 Bc5d4
10.Ne2xd4 exd4
11.Bc1g5 b5
12.Bg5xf6 gxf6
13.f4 Rh8g8
14.Qd1h5 Rg8h8
15.e5 f5
16.exd6 Qd8xd6
17.Na4b6 Qd6b8
18.Rf1e1 Kd8
19.Nb6xa8 Bc8e6
20.Qh5g5 Kd7
21.Re1f1 Qb8xa8
22.Qg5f6 Rh8g8
23.Qf6xd4 Be6d5
24.Ra1xa7 Kd6
25.Ra7xa8 Rg8xg2
26.Kh1 Rg2xc2
27.Qd4xd5 Kxd5
28.Ra8f8 Ke6
29.Rf1e1 Kf6
30.Rf8c8 c5
31.Rc8c6 Kg7
32.d4 Rc2xb2
33.Rc6xc5 Rb2xb3
34.Rc5xf5 Rb3d3
35.Rf5xb5 Rd3xd4
36.Re1f1 Kf6
37.Rb5h5 Kg6
38.Rh5h3 Kg7
39.Rf1g1 Kh8
40.Rh3c3 h6
41.f5 Rd4f4
42.Rc3c5 h5
43.Rg1g5 h4
44.Rc5c6 Kh7
45.Rc6c5 Kh6
46.Rg5g1 h3
47.Rc5c3 Rf4h4
48.Rg1g3 Rh4h5
49.Rg3xh3 { resign }
1-0

[Event "Tourn. n8280"]
[Site "www.chess-mail.com"]
[Date "2015.07.20"]
[Round "1"]
[White "Culiflori"]
[Black "Gatrooper"]
[WhiteElo "999"]
[BlackElo "1200"]
[Result "1-0"]
[Round "1"]
1.e4 e5
2.Ng1f3 Nb8c6
3.Bf1c4 d6
4.d4 exd4
5.Nf3xd4 Nc6xd4
6.Qd1xd4 Bc8e6
7.Nb1c3 c5
8.Bc4b5 Be6d7
9.Bb5xd7 Qd8xd7
10.Qd4d3 h6
11.Bc1f4 Ng8f6
12.O-O-O a6
13.Bf4xd6 Bf8xd6
14.Rh1e1 O-O
15.Qd3xd6 Qd7g4
16.g3 Ra8d8
17.Qd6xc5 Rd8c8
18.Qc5b6 Nf6d7
19.Qb6xb7 Nd7c5
20.Qb7b4 Nc5e6
21.Nc3d5 Kh8
22.f4 Rc8b8
23.Qb4a5 Rf8c8
24.Kb1 Ne6c5
25.Nd5b6 Rc8c6
26.Nb6a4 Nc5xa4
27.Qa5xa4 Rc6b6
28.b3 Rb8c8
29.Qa4a5 Rb6c6
30.Rd1d8 Rc8xd8
31.Qa5xd8 Kh7
32.Qd8e8 Rc6e6
33.Qe8xf7 Re6c6
34.Qf7f5 Qg4xf5
35.exf5 Rc6f6
36.Re1e6 Rf6xf5
37.Re6xa6 Rf5h5
38.h4 Rh5d5
39.Kc1 Rd5d4
40.a4 Rd4e4
41.a5 Re4e1
42.Kd2 Re1g1
43.Ra6b6 Rg1xg3
44.a6 g5
45.fxg5 h5
46.a7 Rg3g2
47.Kc3 Rg2g3
48.Kb2 Rg3h3
49.Rb6h6 Kg7
50.Rh6xh5 Kg6
51.Rh5h6 Kf5
52.a8Q Rh3e3
53.Qa8a5 Kg4
54.Qa5d2 Re3e4
55.Qd2g2 Kf5
56.Rh6f6 Ke5
57.Qg2g3 Kd4
58.Rf6f4 Re4xf4
59.Qg3xf4 Kd5
60.c4 Kc5
61.Kc3 { resign }
1-0

[Event "Tourn. n8103"]
[Site "www.chess-mail.com"]
[Date "2015.07.20"]
[Round "1"]
[White "Difficult"]
[Black "Comrade"]
[WhiteElo "2110"]
[BlackElo "2210"]
[Result "1/2-1/2"]
[Round "1"]
1.d4 d5
2.g3 Ng8f6
3.Bf1g2 e6
4.Ng1f3 c5
5.O-O Nb8c6
6.c3 h6
7.e3 Bf8d6
8.Nb1d2 O-O
9.b3 cxd4
10.cxd4 Bc8d7
11.Bc1b2 Rf8e8
12.a3 Ra8c8
13.b4 b5
14.Nd2b3 e5
15.Nf3xe5 Nc6xe5
16.dxe5 Bd6xe5
17.Bb2xe5 Re8xe5
18.Nb3c5 Bd7c6
19.Ra1c1 Nf6d7
20.Nc5xd7 Qd8xd7
21.Rc1c5 Bc6b7
22.Qd1a1 Rc8xc5
23.bxc5 Re5e8
24.Rf1d1 Re8d8
25.e4 Qd7c6
26.exd5 Qc6xc5
27.Rd1c1 Qc5d6
28.Rc1d1 Qd6b6
29.Qa1e5 { draw }
1/2-1/2

[Event "Tourn. n8127"]
[Site "www.chess-mail.com"]
[Date "2015.07.20"]
[Round "1"]
[White "Woodpusher2"]
[Black "Nimzo"]
[WhiteElo "2590"]
[BlackElo "2700"]
[Result "0-1"]
[Round "1"]
1.Ng1f3 Ng8f6
2.g3 d5
3.Bf1g2 c6
4.O-O Bc8g4
5.d3 Nb8d7
6.Nb1d2 e5
7.h3 Bg4h5
8.g4 Bh5g6
9.Nf3h4 Nd7c5
10.c4 Nc5e6
11.Nd2f3 dxc4
12.Nf3xe5 cxd3
13.Nh4xg6 hxg6
14.Ne5xd3 Bf8d6
15.Qd1a4 O-O
16.Rf1d1 Qd8e7
17.Bc1d2 Nf6d5
18.Ra1c1 Rf8d8
19.e3 a5
20.Bd2e1 Bd6c7
21.Qa4a3 Qe7e8
22.Qa3a4 Rd8d7
23.Nd3c5 Ne6xc5
24.Rc1xc5 Bc7b6
25.Rc5xd5 cxd5
26.Bg2xd5 Ra8d8
27.Qa4b5 Qe8e7
28.e4 Qe7f6
29.Rd1d3 Bb6c7
30.Be1c3 Qf6f4
31.Kf1 Kh7
32.Qb5c5 Qf4h2
33.Qc5e3 b5
34.Qe3f3 Kg8
35.a3 Rd8b8
36.Bd5b3 Rd7e7
37.Bc3d2 Bc7d6
38.Bd2xa5 b4
39.a4 Kh7
40.Rd3d1 Re7a7
41.Rd1d5 Bd6e5
42.Ba5d8 Be5xb2
43.Bd8g5 Rb8c8
44.Bg5d2 Ra7b7
45.a5 Bb2c1
46.Bd2e1 Bc1f4
47.Qf3g2 Rc8c1
48.Qg2xh2 Bf4xh2
49.a6 Rb7a7
50.Rd5a5 Bh2c7
51.Ra5a2 f6
52.Ke2 Rc1b1
53.Bb3c2 b3
54.Bc2xb1 bxa2
 { time }
0-1

[Event "Tourn. n8127"]
[Site "www.chess-mail.com"]
[Date "2015.07.20"]
[Round "1"]
[White "Nimzo"]
[Black "Seger"]
[WhiteElo "2700"]
[BlackElo "2680"]
[Result "1-0"]
[Round "1"]
1.d4 d5
2.c4 e6
3.Nb1c3 c5
4.cxd5 exd5
5.Ng1f3 Nb8c6
6.g3 Ng8f6
7.Bf1g2 h6
8.O-O Bf8e7
9.dxc5 Be7xc5
10.a3 O-O
11.b4 Nc6e7
12.bxc5 Qd8a5
13.Qd1b3 Qa5xc5
14.Bc1e3 Qc5d6
15.Rf1d1 Bc8d7
16.Nf3d4 Qd6a6
17.Nd4b5 Ra8c8
18.a4 Bd7g4
19.Nb5xa7 Rc8c7
20.Na7b5 Rc7d7
21.a5 Rf8c8
22.Be3b6 Rc8c7
23.Nb5xc7 { resign }
1-0

[Event "Tourn. n8193"]
[Site "www.chess-mail.com"]
[Date "2015.07.20"]
[Round "1"]
[White "Nimzo"]
[Black "Vasylpuzanov"]
[WhiteElo "2720"]
[BlackElo "2210"]
[Result "1-0"]
[Round "1"]
1.d4 d5
2.c4 e6
3.Nb1c3 Ng8f6
4.cxd5 exd5
5.Bc1g5 Bf8b4
6.e3 h6
7.Bg5h4 c6
8.Bf1d3 O-O
9.Ng1e2 Bb4d6
10.f3 Bc8e6
11.O-O Nb8d7
12.h3 Nd7b6
13.e4 dxe4
14.fxe4 Bd6e7
15.Bh4f2 Be6c4
16.Bd3xc4 Be7b4
17.Bc4b3 { resign }
1-0

[Event "Tourn. n8280"]
[Site "www.chess-mail.com"]
[Date "2015.07.20"]
[Round "1"]
[White "Culiflori"]
[Black "Fred59"]
[WhiteElo "999"]
[BlackElo "999"]
[Result "1-0"]
[Round "1"]
1.e4 Ng8f6
2.e5 Nf6d5
3.d4 d6
4.Ng1f3 Bc8g4
5.Bf1e2 dxe5
6.dxe5 c6
7.O-O e6
8.c4 Nd5b6
9.Qd1xd8  { time }
1-0

[Event "Tourn. n8278"]
[Site "www.chess-mail.com"]
[Date "2015.07.20"]
[Round "1"]
[White "Xkafi"]
[Black "Fred"]
[WhiteElo "1960"]
[BlackElo "1970"]
[Result "1-0"]
[Round "1"]
1.e4 e5
2.Bf1c4 Bf8c5
3.d3 d6
4.a4 a6
5.Nb1c3 Bc5xf2
6.Kxf2 Qd8h4
7.g3 Qh4f6
8.Qd1f3 Nb8c6
9.Nc3d5 Qf6d8
10.Nd5b6 Bc8e6
11.Nb6xa8 Be6xc4
12.Na8xc7 Qd8xc7
13.dxc4 Nc6d4
14.Qf3g4 f5
15.exf5 Ng8f6
16.Qg4h4 O-O
17.g4 Qc7xc4
18.Ra1a3 Nd4xc2
19.Ra3c3 Nf6xg4
20.Kg3 Qc4e4
21.Qh4xg4 Qe4e1
22.Kh3 Qe1xc1
23.Rc3c7 Qc1f1
24.Kh4 Qf1f2
25.Kh3 Rf8f7
26.Rc7xf7 Kxf7
27.Ng1f3 Nc2e3
28.Qg4h5 Kf8
29.Rh1g1 e4
30.Nf3g5 Qf2xf5
31.Kh4 h6
32.Ng5h3 g5
33.Kg3 Kg7
34.Qh5e2 Qf5e5
35.Kf2 Ne3f5
36.Ke1 d5
37.Rg1g2 d4
38.Nh3f2 Qe5a5
39.Qe2d2 Qa5xd2
40.Kxd2 e3
41.Kd3 exf2
42.Rg2xf2 Kg6
43.Ke4 Nf5e7
44.Kxd4 Ne7c6
45.Kc5 h5
46.Kb6 Nc6b4
47.Kxb7 h4
48.h3 Nb4d3
49.Rf2c2 a5
50.Kb6 Kf5
51.Kxa5 Ke4
52.b4 Kd4
53.b5 Nd3e5
54.b6 Kd3
55.Rc2c5 { resign }
1-0

[Event "Tourn. n8183"]
[Site "www.chess-mail.com"]
[Date "2015.07.20"]
[Round "1"]
[White "Samael"]
[Black "Faerieking"]
[WhiteElo "2110"]
[BlackElo "2110"]
[Result "0-1"]
[Round "1"]
1.e4 e5
2.Ng1f3 f5
3.exf5 e4
4.Nf3e5 Ng8f6
5.Nb1c3 d6
6.Ne5c4 d5
7.Nc4a5 d4
8.Nc3e2 c5
9.Na5b3 Bc8xf5
10.Ne2g3 Bf5d7
11.Bf1e2 Bf8d6
12.O-O O-O
13.d3 Bd7c6
14.Ng3xe4 Nf6xe4
15.dxe4 Qd8c7
16.h3 Bc6xe4
17.f3 Be4d5
18.c3 Nb8c6
19.cxd4 cxd4
20.Kh1 Qc7e7
21.Kg1 Ra8e8
22.Be2d3 Qe7h4
23.f4 Qh4g3
24.Qd1c2 g5
25.Bd3xh7 Kh8
26.Bh7f5 Rf8xf5
{ resign }
0-1

[Event "Tourn. n8173"]
[Site "www.chess-mail.com"]
[Date "2015.07.20"]
[Round "1"]
[White "Knightjumper"]
[Black "Oxycontin"]
[WhiteElo "1810"]
[BlackElo "2100"]
[Result "0-1"]
[Round "1"]
1.e4 Ng8f6
2.e5 Nf6d5
3.Nb1c3 c6
4.Nc3xd5 cxd5
5.d4 e6
6.Ng1f3 d6
7.Bf1b5 Nb8c6
8.O-O Bc8d7
9.Bb5xc6 bxc6
10.c3 dxe5
11.Nf3xe5 Bf8d6
12.Ne5xd7 Qd8xd7
13.Qd1g4 g6
14.h4 O-O-O
15.b4 e5
16.Qg4xd7 Rd8xd7
17.a3 exd4
18.cxd4 Rh8e8
 { time }
0-1

[Event "Tourn. n8267"]
[Site "www.chess-mail.com"]
[Date "2015.07.20"]
[Round "1"]
[White "Faerieking"]
[Black "Osopanda"]
[WhiteElo "2180"]
[BlackElo "2020"]
[Result "1-0"]
[Round "1"]
1.e4 c5
2.d4 cxd4
3.c3 dxc3
4.Nb1xc3 d6
5.Ng1f3 Nb8c6
6.Bf1c4 e6
7.O-O Ng8f6
8.Qd1e2 Bf8e7
9.Rf1d1 O-O
10.Bc1f4 a6
11.Ra1c1 b5
12.Bc4b3 Qd8c7
13.Nc3d5 exd5
14.exd5 Nf6xd5
15.Bb3xd5 Bc8b7
16.Bd5xc6 Bb7xc6
17.Nf3d4 { resign }
1-0

[Event "Tourn. n8270"]
[Site "www.chess-mail.com"]
[Date "2015.07.20"]
[Round "1"]
[White "Osopanda"]
[Black "Vite"]
[WhiteElo "2020"]
[BlackElo "1980"]
[Result "1-0"]
[Round "1"]
1.c4 Ng8f6
2.d4 g6
3.Nb1c3 Bf8g7
4.e4 d6
5.g3 O-O
6.Bf1g2 Bc8g4
7.f3 Bg4d7
8.Ng1e2 Nb8c6
9.Bc1e3 e5
10.O-O Qd8c8
11.dxe5 Nc6xe5
12.c5 dxc5
13.Be3xc5 Rf8d8
14.Bc5e7 Rd8e8
15.Be7a3 Bd7h3
16.Ne2f4 Bh3d7
17.Nf4d5 Nf6xd5
{ time. }
1-0

[Event "Tourn. n8270"]
[Site "www.chess-mail.com"]
[Date "2015.07.20"]
[Round "1"]
[White "Imkrebsgang"]
[Black "Osopanda"]
[WhiteElo "1890"]
[BlackElo "2020"]
[Result "0-1"]
[Round "1"]
1.d4 Ng8f6
2.Ng1f3 d5
3.g3 g6
4.Nf3e5 Nb8d7
5.Bc1f4 Bf8g7
6.Bf1g2 c6
7.Nb1c3 O-O
8.Nc3a4 Nf6h5
9.Bf4e3 Nd7xe5
10.dxe5 Bg7xe5
11.Be3d4 Be5xd4
12.Qd1xd4 Nh5f6
13.O-O-O Qd8d6
 { time }
0-1

[Event "Tourn. n8267"]
[Site "www.chess-mail.com"]
[Date "2015.07.20"]
[Round "1"]
[White "Osopanda"]
[Black "Guidom"]
[WhiteElo "2020"]
[BlackElo "2070"]
[Result "1/2-1/2"]
[Round "1"]
1.c4 e5
2.Nb1c3 Ng8f6
3.g3 c5
4.Bf1g2 d6
5.e3 Nb8c6
6.Ng1e2 Bf8e7
7.d4 exd4
8.exd4 cxd4
9.Ne2xd4 Nc6xd4
10.Qd1xd4 O-O
11.O-O a6
12.Bc1g5 Ra8b8
13.Rf1e1 Bc8e6
14.Nc3d5 Nf6xd5
15.cxd5 Be7xg5
16.dxe6 fxe6
17.Re1xe6 Bg5f6
18.Qd4xd6 Qd8xd6
19.Re6xd6 Bf6xb2
{ draw }
1/2-1/2